La Constitution française de 1875 étudiée dans ses rapports avec les constitutions étrangèresc / par A. Bard et P. Robiquet. (Record no. 29139)

MARC details
000 -LEADER
campo de control de longitud fija 00879nam a2200229 i 4500
001 - NÚMERO DE CONTROL
campo de control 29139
003 - IDENTIFICADOR DE NÚMERO DE CONTROL
campo de control ES-MaACL
005 - FECHA Y HORA DE LA ÚLTIMA TRANSACCIÓN
campo de control 20250917063029.0
007 - CAMPO FIJO DE DESCRIPCIÓN FÍSICA--INFORMACIÓN GENERAL
campo de control de longitud fija t|
008 - DATOS DE LONGITUD FIJA--INFORMACIÓN GENERAL
campo de control de longitud fija 030121s1876 fr ||||1| fre d
100 1# - ENTRADA PRINCIPAL--NOMBRE DE PERSONA
Nombre de persona Bard, Alphonse,
Fechas asociadas al nombre 1850-1942
9 (RLIN) 152209
245 13 - MENCIÓN DEL TÍTULO
Título La Constitution française de 1875 étudiée dans ses rapports avec les constitutions étrangèresc / par A. Bard et P. Robiquet.
260 ## - PUBLICACIÓN, DISTRIBUCIÓN, ETC.
Lugar de publicación, distribución, etc. Paris :
Nombre del editor, distribuidor, etc. Ernest Thorin,
Fecha de publicación, distribución, etc. 1876 (
Lugar de fabricación/manufactura Poitiers :
Fabricante A. Dupré)
300 ## - DESCRIPCIÓN FÍSICA
Extensión VII, 400 p. ;
Dimensiones 22 cm.
594 ## - Nota al título y mención de responsabilidad
Nota al título y mención de responsabilidad Precede al tít.: Droit constitutionnel comparé.
610 14 - PUNTO DE ACCESO ADICIONAL DE MATERIA--NOMBRE DE ENTIDAD CORPORATIVA
Nombre de entidad corporativa o nombre de jurisdicción como elemento de entrada Francia.
Unidad subordinada Constitución, 1875.
9 (RLIN) 152212
650 #4 - PUNTO DE ACCESO ADICIONAL DE MATERIA--TÉRMINO DE MATERIA
Término de materia o nombre geográfico como elemento de entrada Derecho constitucional-
Subdivisión geográfica Francia.
9 (RLIN) 152211
700 1# - ENTRADA AGREGADA--NOMBRE PERSONAL
Nombre de persona Robiquet, Paul (
Fechas asociadas al nombre 1848-1928)
9 (RLIN) 152208
852 ## - LOCALIZACIÓN
Ubicación ES-MaACL
Número de control de estantería B-333
Nota libre .- 36 p. mas de catálogo editorial
852 ## - LOCALIZACIÓN
Ubicación ES-MaACL
Número de control de estantería G-15025
Holdings
Estatus retirado Estado de pérdida Estado de daño No para préstamo Colección Biblioteca de origen Biblioteca actual Ubicación en estantería Fecha de adquisición Fuente de adquisición Total de préstamos Signatura topográfica completa Código de barras Visto por última vez Precio de reemplazo Tipo de ítem Koha
        Libros del s. XIX Biblioteca del Ateneo de Madrid Biblioteca del Ateneo de Madrid Sala Pecera Planta 3 04/02/2013     G-15025 1190781 23/02/2023 23/02/2023 Libro impreso antiguo
        Libros del s. XIX Biblioteca del Ateneo de Madrid Biblioteca del Ateneo de Madrid Sala Pardo Bazán 17/01/2008     B-333 1030082 23/02/2023 23/02/2023 Libro impreso antiguo